| 000 | 01746cam a22002894a 4500 | ||
|---|---|---|---|
| 001 | 79032 | ||
| 003 | BD-RjUL | ||
| 005 | 20211220122212.0 | ||
| 008 | 211220s1958 le a 000 0bara c | ||
| 035 | _a(BD-RjUL) 79032 | ||
| 040 |
_aLEILA _cLEILA _dIXA _dDLC _beng |
||
| 041 | _aeng | ||
| 082 |
_223 _a297.633 _bBAK 1958 |
||
| 100 | 1 | 0 |
_aالباقلاني, أبو بكر محمد إبن تطييب ;; Al-Baqillani, abu Bakr Muhammad ibn at-Tayyib _9269 |
| 245 | 1 | 0 |
_aكتاب البيان عن الفرق بين المعجزات والكرامات والحيل والكهانة والسحر والنارنجات ;; Kitāb al-bayān ʻan an-farq bayna al-muʻjizāt wa-al-karāmāt wa-al-ḥiyal wa-al-kihānah wa-al-siḥr wa-al-nārnijāt=Miracle and Magic / _cتصنيف ابي بكر محمد بن الطيب بن الباقلاني ؛ عني بتصحيحه ونشره رتشارد يوسف مكارثي ;; Muḥammad ibn al-Ṭayyib Bāqillānī; Richard Joseph ; edited by Richard J. McCarthy |
| 250 | _aal-Ṭabʻah 1. | ||
| 260 |
_a Bayrūt : _bالمكتبة الشرقية, al-Maktabah al-Sharqīyyah, _c1958 |
||
| 300 |
_a180+27 p. ; _c24 cm. |
||
| 490 |
_aManshūrāt Jāmiʻat al-Ḥikmah fī Baghdād., Silsilat ʻIlm al-kalām _v;, 2. |
||
| 505 | _a Miracle and Magic. A treatise on the nature of the apologetic miracle and its differentiation from charisms, trickery, divination, magic and spells. Edited by Richard J. McGarthy, S. J.). | ||
| 650 |
_aMiracles (Islam) _9270 |
||
| 651 | 0 |
_aSyria _xHistory _y20th century. _9271 |
|
| 651 | 0 |
_aTurkey _xPolitics and government _y1909- _9272 |
|
| 651 | 0 |
_aMiddle East _xPolitics and government _y20th century. _9273 |
|
| 700 |
_aMcCarthy, Richard J. _9275 |
||
| 942 |
_2ddc _cBK |
||
| 999 |
_c79032 _d79032 |
||